00610nam a2200217 a 4500001001300000003000900013005001700022008004100039020000800080082001900088100002800107245004200135260004400177300000900221500003500230505001000265650002200275650002700297650004000324700002800364nice12345678IN_TiNIC20260116011726.0050524s1970 bana grp 000 0 urd  ac400a297.1228bNAD4 aNadwi, Mohd Shshabuddin aChand Ki Taskheer Quran Ki Nazar Mein aBangalorebFurqania Academy Trustc1970 a272p aincludes index and biblioraphy2 aIndex aQuran and Science aQuran and Space Travel aMoon-Conquest(quranic Interpretatio1 aNadwi, Mohd Shshabuddin